000
00340nam a2200133Ia 4500
008
240624s9999 xx 000 0 und d
041
_a
eng
082
_a
336.2 TAB
100
_a
SINGHANIA V K
245
_a
TAX COMPUTATION ON CD WITH FRINGE BENEFI
260
_c
2005
_a
New Delhi
_b
Taxmann
300
_a
x, : 159 : p. : cm. ; 23
365
_c
RS
999
_c
2784
_d
2784